banner-ar

فيروسات الحاسب وامن البيانات / (Record no. 47530)

MARC details
000 -الفاتح
حقل البيانات ثابتة الطول 00931nam a2200277Ia 4500
005 - وقت وتاريخ اخر تعامل مع التسجيلة
رقم الضبط 20240530104425.0
008 - عناصر البيانات ثابتة الطول - معلومات عامة
حقل البيانات ثابتة الطول 140319s9999 xx 000 0 ara d
040 ## - مصدر الفهرسة
وكالة الفهرسة الأصلية GCL /
وكالة النسخ GCL
082 04 - رقم تصنيف ديوى العشرى
رقم التصنيف 001.6425
رقم المادة م ف
100 1# - المدخل الرئيسى - إسم شخصى
الإسم الشخصى علاء الدين محمد فهمى
245 10 - بيان العنوان
العنوان فيروسات الحاسب وامن البيانات /
بيان المسئوليه,etc علاء الدين محمد فهمى
260 ## - PUBLICATION, DISTRIBUTION, ETC. (IMPRINT)
تاريخ النشر أو التوزيع 1992
300 ## - الوصف المادى
التعداد 387 ص
490 ## - بيان السلسلة
عنوان السلسلة موسوعة دلتا كمبيوتر
رقم المجلد/ التعيين التسلسلي 8
650 04 - المدخل الاضافى بالموضوع-مصطلح موضوعى
مصطلح موضوعي الفيروسات
650 04 - المدخل الاضافى بالموضوع-مصطلح موضوعى
مصطلح موضوعي الحاسبات الالكترونية
650 04 - المدخل الاضافى بالموضوع-مصطلح موضوعى
مصطلح موضوعي امن النظام
700 1# - المدخل الاضافى - اسم شخصى
الإسم الشخصى مصطفى رضا عبدالوهاب
700 1# - المدخل الاضافى - اسم شخصى
الإسم الشخصى نادية حجازى
700 1# - المدخل الاضافى - اسم شخصى
الإسم الشخصى محمد فهمى طلبه
700 1# - المدخل الاضافى - اسم شخصى
الإسم الشخصى محمد سعيد عبدالوهاب
700 1# - المدخل الاضافى - اسم شخصى
الإسم الشخصى محمد زكى
700 1# - المدخل الاضافى - اسم شخصى
الإسم الشخصى مدحت فخرى
942 ## - عناصر المدخل الإضافي( كوها)
مصدر التصنيف او مخطط الترفيف Dewey Decimal Classification
Koha [default] item type كتاب
260 ## - PUBLICATION, DISTRIBUTION, ETC. (IMPRINT)
-- القاهرة :
-- دلتا كمبيوتر ،
Holdings
حالة التراجع حالة الفقد حالة تلف ليس للاعارة المكان المؤقت الموقع الحالى تاريخ الاكتساب اجمالي اﻻعارات رقم الطلب الباركود تاريخ اخر مشاهدة تاريخ تفعيل السعر نوع وعاء كوها
        مكتبة القاهرة الكبرى مكتبة القاهرة الكبرى 03/26/2014   001.6425\م ف 114772 03/26/2014 03/26/2014 كتاب
        مكتبة القاهرة الكبرى مكتبة القاهرة الكبرى 03/26/2014   001.6425\م ف 114773 03/26/2014 03/26/2014 كتاب
        مكتبة القاهرة الكبرى مكتبة القاهرة الكبرى 03/26/2014   001.6425\م ف 114774 03/26/2014 03/26/2014 كتاب
        مكتبة القاهرة الكبرى مكتبة القاهرة الكبرى 03/26/2014   001.6425\م ف 114775 03/26/2014 03/26/2014 كتاب

Powered By

EGPV